Regional overview: Latin America and Caribbean (Record no. 11084)
[ view plain ]
| 000 -LEADER | |
|---|---|
| campo de control de longitud fija | 00342nam a2200133Ia 4500 |
| 001 - NÚMERO DE CONTROL | |
| campo de control | 118 |
| 008 - DATOS DE LONGITUD FIJA--INFORMACIÓN GENERAL | |
| campo de control de longitud fija | 241024s9999 xx 000 0 und d |
| 082 ## - NÚMERO DE LA CLASIFICACIÓN DECIMAL DEWEY | |
| Número de clasificación | 370.1/R336o LIBRO NO ESTA |
| 100 ## - ENTRADA PRINCIPAL--NOMBRE DE PERSONA | |
| Nombre de persona | UNESCO |
| 245 #0 - MENCIÓN DEL TÍTULO | |
| Título | Regional overview: Latin America and Caribbean |
| 260 ## - PUBLICACIÓN, DISTRIBUCIÓN, ETC. | |
| Nombre del editor, distribuidor, etc. | UNESCO |
| Fecha de publicación, distribución, etc. | 2010 |
| 901 ## - ELEMENTOS DE DATOS A LOCAL LDA (RLIN) | |
| a | 19/10/2010 9:44:37 a.m. |
No items available.